000 01028nam a2200277Ia 4500
003 OSt
005 20220923211339.0
006 a|||||r|||| 00| 0
007 ta
008 220922b |||||||| |||| 00| 0 san d
020 _a9788183154659 (hbk)
_c800
024 _a354,163
037 _b173/1, 29/12/2021, Vidyanidhi Prakashan
_cTextual
040 _aARTS
_cARTS
_bsan
041 _2san
_asan
082 _aR6, 152R1.1
100 _aविजयश्री, संपा.
245 0 _aभारतीय दार्शनिक चिन्तन
246 _aBhāratīya dārshanik chintana
250 _aद्वितीय संस्करण
260 _aदिल्ली
_b न्यू भारतीय बुक कॉर्पोरेशन
_c2021
490 _vखण्ड 1
650 _aदर्शनशास्त्र
942 _hR6, 152R1.1
_cTEXL
_2CC
999 _c298674
_d298674